00760nam a2200289Ia 4500008004100000020001300041050001100054050001400065100002300079245003300102245002600135260001800161260001700179260000900196300002200205300002000227300001000247500003600257650003100293650002400324650001600348650002500364650002500389700002600414700001100440999001900451170711s9999 xx 000 0 und d a71267379 a610.69 bD999 2005 aD'Orazio, Leo Paul aHealth and medical careers / cby Leo Paul D'Orazio. aPhilippines : bMcGraw Hill, c2005 axiii, 153 pages : billustrations ; c19cm. aIncludes appendix and glossary. aAllied health personnel -- aHealth occupations. aMedicine -- xVocational guidance. xVocational guidance. aSnook, I. Donald, Jr. aTitle. c339793d339793